01246cam a2200205 i 450000100190000000500170001900800410003602000180007703500220009503500240011704000680014110000310020924500710024026400470031130000230035850400410038152005590042260000440098165500150102599110716703830619620250311154249.0210123s2021 enk 000 0 eng d a9781913947132 a(OCoLC)1232273043 a(OCoLC)on1232273043 aYDXbengcYDXdBDXdUKMGBdOCLCOdOCLCFdEZGdOCLCQdOCLCOdWLM aWoolf, Virginiad1882-194110aVirginia Woolf b: quotes from a feminist icon c/ Virginia Woolf. 1aLondon :bLaurence King Publishing,c2021. a127 pages ;c17 cm aIncludes bibliographical references. a"The first and collection of Virginia Woolf's most inspirational quotes. 'No need to hurry. No need to sparkle. No need to be anybody but oneself.' Over 100 words of wisdom from the inimitable Virginia Woolf on love, literature, feminism, food, work, ageing, authenticity, nature, truth, happiness and everything in between, carefully selected and curated from Woolf's timeless novels, essays and speeches. A celebration of one of the world's best loved writers and a true feminist icon, in a beautifully packaged, small-format gift book." --cPublisher. 0aWoolf, Virginiad1882-1941vQuotations. 0aQuotations